000 00276nam a22001337a 4500
020 _a1-40541-537-1
082 _a030
_bHIB/M
100 _aHIBBERT,ADAM
245 _aMIGHTY MACHINES
260 _aUK
_bPARAGON
300 _a256
650 _aGENERAL KNOWLEDGE
_zUK
942 _cBK
999 _c3095
_d3095